Is This a Real War? - Statistics

General Stats
  • This quiz has been taken 1,158 times
  • The average score is 14 of 20
Answer Stats
Question Answer % Correct
War of clowns fake
96%
Wars of the roses real
93%
Opium war real
93%
Plastic war fake
85%
Pillow war fake
81%
Smelly war fake
78%
Volcano war fake
78%
Mustache war fake
78%
Hummus war fake
74%
Pipes war fake
70%
Football war real
70%
Pig war real
70%
Widows war fake
63%
Paper war fake
59%
Whisky war real
59%
War of the bucket real
59%
Toyota war real
44%
Pastry war real
37%
Sand war real
33%
Kettle war real
30%
No matching quizzes found
Score Distribution
Percent of People with Each Score
Percentile by Number Answered
Your Score History
You have not taken this quiz